| 000 | 01001nam2a2200205 4500 | ||
|---|---|---|---|
| 001 | RU\NLR\BIBL_A\022464611 | ||
| 005 | 20250627134915.0 | ||
| 035 | _a(NLR Aleph) 022464611 | ||
| 090 |
_a13365535 _c13365535 |
||
| 100 | _a20250220d2001 |||y0rusy50 ca | ||
| 101 | 0 | _arus | |
| 102 | _aRU | ||
| 200 | 1 | _aДайджест | |
| 210 |
_d2001 _aБ. м. |
||
| 461 | 0 |
_1001RU\NLR\INFOCOMM55\1000059723 _12001#$aPara bellum$eВоен.-ист. обозрение$eНезависимые изд., освещающие соврем. воен.-ист. движение России, ближ. и дал. зарубежья$vСпец. вып. _93408991 _cСПб. _d1997 - 2012 _nБ. и. _oВоен.-ист. обозрение : Независимые изд., освещающие соврем. воен.-ист. движение России, ближ. и дал. зарубежья _tPara bellum _x1683-8114 _vСпец. вып. |
|
| 852 |
_aNLR _jП10/7249 |
||
| 942 | _cISSUE | ||
| 980 | _aNB | ||
| 980 | _aRUSPER | ||